Considering major developments: the need for change (Record no. 60091)

MARC details
000 -LEADER
fixed length control field 00781cam a2200229 4500
001 - CONTROL NUMBER
control field ABS61422
008 - FIXED-LENGTH DATA ELEMENTS--GENERAL INFORMATION
fixed length control field 000000n1999 000 0 eng u
035 ## - SYSTEM CONTROL NUMBER
System control number (Sirsi) u100437
100 ## - MAIN ENTRY--PERSONAL NAME
Personal name Bell, G
245 ## - TITLE STATEMENT
Title Considering major developments: the need for change
260 ## - PUBLICATION, DISTRIBUTION, ETC.
Date of publication, distribution, etc. 1999
490 ## - SERIES STATEMENT
Series statement Town & Country Planning
Volume/sequential designation 68(10) October 1999, 294-296(3)
520 ## - SUMMARY, ETC.
Summary, etc. Summary of the TCPA response to the DETR consultation document '"Streamlining the processing of major projects through the planning system" May 1999.
590 ## - LOCAL NOTE (RLIN)
Local note ABS
650 ## - SUBJECT ADDED ENTRY--TOPICAL TERM
Topical term or geographic name entry element TCPA
650 ## - SUBJECT ADDED ENTRY--TOPICAL TERM
Topical term or geographic name entry element DETR
650 ## - SUBJECT ADDED ENTRY--TOPICAL TERM
Topical term or geographic name entry element STREAMLINING THE PROCESSING OF MAJOR PROJECTS THROUGH THE PLANNING SYSTEM
650 ## - SUBJECT ADDED ENTRY--TOPICAL TERM
Topical term or geographic name entry element PLANNING SYSTEM
650 ## - SUBJECT ADDED ENTRY--TOPICAL TERM
Topical term or geographic name entry element REFORM
690 ## - LOCAL SUBJECT ADDED ENTRY--TOPICAL TERM (OCLC, RLIN)
Topical term or geographic name as entry element PLANNING LAW AND PRACTICE
942 ## - ADDED ENTRY ELEMENTS (KOHA)
Suppress in OPAC 0
Holdings
Withdrawn status Lost status Source of classification or shelving scheme Damaged status Not for loan Home library Current library Shelving location Date acquired Total Checkouts Full call number Barcode Date last seen Copy number Price effective from Koha item type
    Dewey Decimal Classification     London London Journal article 13/10/1999   ABS61422 100437-1001 06/08/2019 1 06/08/2019 Journal article